[Event "Online Olym Div4 A"]
[Site "Chess.com INT"]
[Date "2020.07.31"]
[Round "1.3"]
[White "Mcligeyo, Robert Oluka"]
[Black "Zazali, Abdul Zahirul"]
[Result "1-0"]
[WhiteElo "1688"]
[BlackElo "1629"]
[PlyCount "79"]
[EventDate "2020.07.31"]
[EventType "team-tourn (rapid)"]
[EventRounds "9"]
[EventCountry "USA"]
[SourceTitle "CBM 198"]
[Source "ChessBase"]
[SourceDate "2020.10.31"]
[SourceVersion "1"]
[SourceVersionDate "2020.10.31"]
[SourceQuality "1"]
[WhiteTeam "Kenya"]
[BlackTeam "Brunei"]
[WhiteTeamCountry "KEN"]
[BlackTeamCountry "BRN"]

1. d4 Nf6 2. c4 e6 3. Nf3 d5 4. Nc3 c6 5. Bg5 Nbd7 6. e3 Be7 7. Qc2 h6 8. Bh4 0-0 9. Rd1 Re8 10. a3 a5 11. Bd3 dxc4 12. Bxc4 b5 13. Ba2 Bb7 14. 0-0 Nd5 15. Bxe7 Nxe7 16. Bb1 Ng6 17. Ne4 Nf6 18. Nc5 Qb6 19. Nxb7 Qxb7 20. Ne5 Nxe5 21. dxe5 Nh5 22. g4 f5 23. gxh5 Qe7 24. Qxc6 Rac8 25. Qf3 b4 26. axb4 Qxb4 27. Qe2 Kh8 28. Kh1 Qb7+ 29. f3 Qf7 30. f4 Qb7+ 31. Qg2 Qa7 32. Rg1 Re7 33. Rd3 Qc5 34. Rgd1 Rce8 35. R3d2 Qxe3 36. Rd4 Rc7 37. Rd8 Rce7 38. Qc6 Kh7 39. Bxf5+ exf5 40. Qg6+ 1-0

[Event "Online Olym Base A"]
[Site "Chess.com INT"]
[Date "2020.07.26"]
[Round "5.3"]
[White "Al Busaidi, Hamood1111"]
[Black "Zazali, Abdul Zahirul"]
[Result "0-1"]
[WhiteElo "1651"]
[BlackElo "1629"]
[PlyCount "72"]
[EventDate "2020.07.25"]
[EventType "team-tourn (rapid)"]
[EventRounds "9"]
[EventCountry "USA"]
[SourceTitle "CBM 198"]
[Source "ChessBase"]
[SourceDate "2020.10.31"]
[SourceVersion "1"]
[SourceVersionDate "2020.10.31"]
[SourceQuality "1"]
[WhiteTeam "Oman"]
[BlackTeam "Brunei"]
[WhiteTeamCountry "OMN"]
[BlackTeamCountry "BRN"]

1. e4 e5 2. d4 exd4 3. c3 dxc3 4. Bc4 d6 5. Nxc3 Nf6 6. Nf3 Nc6 7. 0-0 h6 8. Re1 Be7 9. Nd5 Nxd5 10. exd5 Nb8 11. Qe2 Nd7 12. Bd2 c6 13. Bc3 f6 14. Nd4 Ne5 15. Bb3 c5 16. Ne6 Bxe6 17. dxe6 Qc7 18. Bxe5 fxe5 19. Qh5+ Kd8 20. Red1 Rc8 21. Qxe5 Rg8 22. Rd2 a6 23. Rad1 Ke8 24. Bc2 dxe5 25. Bg6+ Kf8 26. Rd3 Rd8 27. Rd7 Rxd7 28. Rxd7 Qc6 29. Bf7 Rh8 30. Rd1 g5 31. g4 Rh7 32. Bg6 Qf3 33. Rd2 Qxg4+ 34. Kf1 Rg7 35. Bf7 Rxf7 36. exf7 Kxf7 0-1

[Event "Eastern Asia-ch U20"]
[Site "Batangas"]
[Date "2019.12.12"]
[Round "4"]
[White "Paglinawan, Zeus Alexis"]
[Black "Zazali, Abdul Zahirul"]
[Result "1-0"]
[WhiteElo "1647"]
[BlackElo "1691"]
[PlyCount "151"]
[EventDate "2019.12.10"]
[EventType "swiss"]
[EventRounds "9"]
[EventCountry "PHI"]
[SourceTitle "CBM 193 Extra"]
[Source "ChessBase"]
[SourceDate "2020.01.31"]
[SourceVersion "1"]
[SourceVersionDate "2020.01.31"]
[SourceQuality "1"]

1. Nf3 Nf6 2. b3 d5 3. Bb2 Bg4 4. e3 Nbd7 5. Be2 e6 6. d3 Be7 7. Nbd2 0-0 8. 0-0 c5 9. c4 Re8 10. Qc2 Rc8 11. h3 Bh5 12. Rfe1 Bg6 13. a3 a6 14. Rac1 b5 15. Qb1 bxc4 16. bxc4 Nb6 17. Ne5 dxc4 18. Ndxc4 Nxc4 19. Rxc4 Nd5 20. Nxg6 hxg6 21. Rec1 Nb6 22. R4c2 Na4 23. Be5 Bd6 24. Bxd6 Qxd6 25. Qb3 Nb6 26. Qc3 Nd7 27. Rd2 e5 28. d4 cxd4 29. Qxc8 Rxc8 30. Rxc8+ Kh7 31. exd4 exd4 32. Rc4 Nf6 33. Rcxd4 Qxa3 34. Rh4+ Nh5 35. Bxh5 gxh5 36. Rxh5+ Kg6 37. Rhd5 a5 38. R5d3 Qe7 39. Re3 Qb4 40. Rd1 Qb5 41. Ra1 Kh7 42. Rea3 Qb2 43. Rxa5 Qc3 44. R5a2 Qc4 45. Rd2 Qc3 46. Rad1 Qb3 47. Re1 Qc3 48. Rde2 Qb3 49. Re3 Qb4 50. Re4 Qb5 51. Kh2 g6 52. R1e3 Qb8+ 53. g3 Qb2 54. Rf3 Qc2 55. Re7 Qb2 56. Rfxf7+ Kg8 57. Rf3 g5 58. Re4 Qb7 59. Rfe3 Qb2 60. Re2 Qc3 61. Re5 Kh7 62. Rxg5 Qc4 63. Rge5 Kg6 64. h4 Kh7 65. R2e4 Qf1 66. Rf4 Kg7 67. Rg5+ Kh6 68. Rf6+ Kh7 69. Rf4 Kh6 70. Ra5 Kg6 71. Ra2 Qb1 72. Rg4+ Kf6 73. Ra6+ Ke5 74. Ra5+ Kf6 75. h5 Qb6 76. Rg6+ 1-0

[Event "Eastern Asia-ch U20"]
[Site "Batangas"]
[Date "2019.12.10"]
[Round "1"]
[White "Zazali, Abdul Zahirul"]
[Black "Tarigan, Gilbert Elroy"]
[Result "0-1"]
[WhiteElo "1691"]
[BlackElo "2210"]
[PlyCount "64"]
[EventDate "2019.12.10"]
[EventType "swiss"]
[EventRounds "9"]
[EventCountry "PHI"]
[SourceTitle "CBM 193 Extra"]
[Source "ChessBase"]
[SourceDate "2020.01.31"]
[SourceVersion "1"]
[SourceVersionDate "2020.01.31"]
[SourceQuality "1"]

1. e4 e5 2. Nf3 Nc6 3. c4 Bc5 4. Nc3 d6 5. Be2 Nge7 6. 0-0 0-0 7. h3 f5 8. d3 Nd4 9. Nxd4 Bxd4 10. Nb5 Bb6 11. Qb3 Kh8 12. Bg5 h6 13. Bxe7 Qxe7 14. Nc3 c6 15. Kh1 Qh4 16. exf5 Bxf5 17. Ne4 Rad8 18. Ng3 Bxh3 19. d4 Bg4+ 20. Kg1 Bxd4 21. Bxg4 Qxg4 22. Nh1 Rd7 23. Rad1 Rdf7 24. Rd3 Qe2 25. Rf3 Rxf3 26. gxf3 Rxf3 27. Qxb7 Qe4 28. Qb8+ Kh7 29. Qc8 Qg6+ 30. Kh2 e4 31. Ng3 Bxf2 32. Ne2 Bg3+ 0-1